000
00240nam a2200121Ia 4500
082
_a
615.34
_b
P11R
100
_a
RAJE, V.N.
245
_a
PHARMACOGNOSY
260
_b
CBS- DELHI
300
_a
160
650
_a
PHARMACOGLOSY
942
_2
ddc
_c
BK
999
_c
7217
_d
7217